000 00570nam a2200217 a 4500
001 9185
003 CO-ViMGA
008 141112s2004 ck r 000 u spa d
020 _a9701504100
040 _aCO-ViMGA
_bspa
_cCO-ViMGA
082 0 4 _a332.112 O84
100 1 _aOssa Scaglia ; Fernando,
_99692
245 1 0 _aEconomĂ­a monetaria internacional.
250 _a3
260 _aSantafé de Bogot :
_bAlfaomega,
_c1999
300 _a333p.
650 1 4 _aBALANZA DE PAGOS
650 1 4 _aDESEMPLEO
_98818
650 1 4 _aRELACIONES FINANCIERAS
_99693
942 _2ddc
_cBK
999 _c20726
_d20726